Handbuch deutscher historischer Buchbestände in Europa Band 7.2 Finnland. Estland. Lettland. Litauen

Bibliographic Details
Other Authors: Fabian, Bernhard (Compiler)
Format: Book
Language:German
PhysicalDescription:336 s. 30 cm
Published: Hildesheim [etc.] Olms-Weidmann 1998
ISBN:3487103613
Subjects:

MARC

LEADER 00000nam a2200000 a 4500
001 vtls001374811
003 SK-MaSNL
005 20260301115423.0
008 251124s1998 DE g r y 0 ger
020 |a 3487103613  |c [5791,00] 
035 |a SNK000328702 
040 |a SNK  |b slo  |c SNK  |e AACR2 
044 |a DE 
080 |a 027.1(4/48=30):09  |2 1981 
080 |a 09  |2 1981 
245 1 |a Handbuch deutscher historischer Buchbestände in Europa  |n Band 7.2  |p Finnland. Estland. Lettland. Litauen  |c Register von Karen Kloth ; herausgegeben von Bernhard Fabian 
260 |a Hildesheim [etc.]  |b Olms-Weidmann  |c 1998 
300 |a 336 s.  |c 30 cm 
650 0 7 |a fondy knižničné historické nemecké  |z Európa (Škandinávia)  |x príručky  |2 SNK  |9 460394 
650 0 7 |a fondy historické pozri aj fondy knižničné  |2 SNK  |9 460395 
700 1 |a Fabian, Bernhard  |4 zos  |9 460396 
919 |a 3-487-10361-3 
999 |c 722136  |d 724066 
952 |t P60, <04>, [BOOK], {604}  |a SNK  |b SNK  |y VYP  |7 0  |p 17A0214489  |o snkIB 69868/7/2  |i snkV 1471/99  |0 0  |1 0  |4 0  |d 1999-10-22  |l 0  |r 2005-01-02 00:00:00  |w 2026-02-23